Regiony Francji - nagła śmierć - Statystyki

Ogólne statystyki
  • Ten quiz został rozwiązany 100 razy
    89 od ostatniego zresetowania
  • Średni wynik to 6 z 18
Answers on the Grid
Answers color-coded by a green-red scale on the quiz's grid according to % correct below.
Prowansja-Alpy-Lazurowe Wybrzeże
Szmaragdowe Wybrzeże
Region Centralny - Dolina Loary
Île-de-France
Saksonia
Oksytania
Hauts-de-France
Region Zachodni - Atlantycja
Nowa Akwitania
Bretania
Normandia
Grand Est
Burgundia-Franche-Comté
Owernia-Rodan-Alpy
Korsyka
Kraj Loary
Sardynia
Paryż
Grand Sud
Marsylia
Nadrenia Zachodnia
Luksemburgia
Aragonia
Galicja
Majotta
Gujana Francuska
Reunion
Gwadelupa
Martynika
Dominika
Majorka
Surinam
 
Statystyki odpowiedzi
Odpowiedź % Poprawnych
Île-de-France
57%
Prowansja-Alpy-Lazurowe Wybrzeże
57%
Korsyka
47%
Normandia
47%
Bretania
43%
Burgundia-Franche-Comté
40%
Gujana Francuska
40%
Nowa Akwitania
40%
Oksytania
37%
Owernia-Rodan-Alpy
37%
Region Centralny - Dolina Loary
37%
Reunion
33%
Kraj Loary
30%
Grand Est
27%
Gwadelupa
20%
Martynika
20%
Hauts-de-France
17%
Majotta
17%
Nie znaleziono quizów pasujących do podanych kryteriów
Rozkład punktacji
Procent ludzi z każdym wynikiem
Percentyl według liczby udzielonych odpowiedzi
Twoja historia wyników
Nie rozwiązałeś tego quizu od ostatniego zresetowania